| 000 | 01040cam a2200349 i 4500 | ||
|---|---|---|---|
| 001 | |||
| 003 | OSt | ||
| 005 | 20220107122801.0 | ||
| 008 | 141103s2014 enk b 101 0 eng | ||
| 010 | _a | ||
| 020 | _a9781107684539 | ||
| 040 |
_a _b _e _cIIITMK |
||
| 042 | _a | ||
| 050 | 0 | 0 | _b |
| 082 | _a110 DAV/P | ||
| 100 |
_aDavies, Paul (Ed.) _97108 |
||
| 245 | 0 | 0 |
_aInformation and the nature of reality: _bFrom physics to metaphysics _cedited by Paul Davies, Niels Henrik Gregersen. |
| 250 | _a | ||
| 260 |
_aUnited kingdom, _bCambridge University Press, _c2014 |
||
| 300 |
_axvii, 487 p. _c |
||
| 504 | _aIncludes bibliographical references and index. | ||
| 650 | 0 |
_aINFORMATION SCIENCE _v _97109 |
|
| 650 | 0 |
_aNATURE OF REALITY _x _v _97110 |
|
| 650 | 0 |
_aMETAPHYSICS _97111 |
|
| 650 | 0 |
_aPHILOSOPHY _97112 |
|
| 650 | 0 |
_aTHEOLOGY _97113 |
|
| 650 | 0 |
_aBIOLOGY _97114 |
|
| 700 | 1 |
_aDavies, P. C. W., _eeditor. _97115 |
|
| 700 | 1 |
_aGregersen, Niels Henrik, _d _eeditor. _97116 |
|
| 942 |
_2ddc _cBK |
||
| 999 |
_c4744 _d4744 |
||